000 00948nam a2200289Ia 4500
003 OSt
005 20221006153546.0
006 a|||||r|||| 00| 0
007 ta
008 221006b |||||||| |||| 00| 0 eng d
020 _a0295975482
_c
_55.00
024 _a32,692
037 _bGift, 18/10/2007, Korean Embassy
_cTextual
040 _aEASL
_cEASL
_beng
041 _2eng
_aeng
082 _aV4950aY31.N1, N6
100 _aShin Gi-Wook Au.
_9664395
245 0 _aPeasant protest and social change in colonial Korea
260 _aSeattle
_bUniversity of Washington Press USA
_c1996
300 _a234p.
_ccm.
490 _v KEL
_aKorean studies of the Henry M. Jackson School of International Studies
650 _a KEL
650 _a Land tenure-Korea-History
_9664396
650 _aHistory
942 _hV4950aY31.N1, N6
_cTEXL
_2CC
999 _c1100778
_d1100778